| 000 | 01864nam a22002297a 4500 | ||
|---|---|---|---|
| 001 | 7517 | ||
| 003 | FISKH | ||
| 005 | 20250723084810.0 | ||
| 008 | 250723b cb ||||| |||| 00| 0 eng d | ||
| 020 | _a9780312506650 | ||
| 040 |
_aFISKH _beng _cFISKH _dFISKH |
||
| 050 | _aPZ7 | ||
| 082 | _a629.04 | ||
| 100 | _aPriddy, Roger | ||
| 245 |
_aBig and busy how things go : _bTake off on an amazing journey to discover how machines work / |
||
| 260 |
_aNew York ; _bPriddy Book, _c2009. |
||
| 300 |
_a10 unnumbered pages : _bcolor illustrations ; _c29 cm |
||
| 520 | _aRoger Priddy left school at 16 with just one qualification--in art. He went to Berkshire College of Art and Design and trained as an illustrator. His first job in children's books was working with the publisher Peter Usborne, at Usborne Publishing, and then he worked with Peter Kindersley at Dorling Kindersley, where he spent 16 years. Priddy became Creative Director of DK's Children's Division and was Managing Director of the children's mass market publisher Funfax when it was acquired by DK. In 2000, he created Priddy Books with John Sargent at St Martin's Press to create innovative and imaginative titles for children, from first books for babies through early reference titles for older children. Since then, over 30 million copies of Roger's 200 plus books have sold worldwide, with five of his books--My Big Animal,My Big Truck,Happy Baby Words,Happy Baby Colors andPuppy and Friends--each selling over one million copies. He is also the author ofBig Board First 100 Words;Big Board Books Colors,ABC,Numbers; andBright Baby Noisy Monsters. His creativity has been recognized with numerous industry awards. Priddy lives in London with his wife Zena and their four children. | ||
| 650 |
_aScience _vSpace _xTransportation _yCars and Trucks |
||
| 942 |
_2ddc _cBK _n0 |
||
| 999 |
_c7517 _d7517 |
||